00445nam a2200145 i 450000100060000000300090000600500170001500700030003200800410003510000250007624501160010126000380021730000210025585200230027633011ES-MaACL20230906154659.0t|030201s1927 fr ||||1| spa d1 aBenzo Cano, Eduardo.13aEl complot de la noche de San Juan / cinforme de Eduardo Benzo Cano en defensa del procesado Segundo García. aParis : bCalmann-Lévy, c1927. a24 p. ; c16 cm. aES-MaACLj1736-F-3